Los derechos humanos en el sistema interamericano: recopilación de instrumentos básicos
Guardado en:
| Autor principal: | |
|---|---|
| Autor Corporativo: | |
| Formato: | Libro |
| Lenguaje: | español |
| Publicado: |
San José
Instituto Interamericano de Derechos Humanos
1987
|
| Materias: | |
| Etiquetas: |
Agregar Etiqueta
Sin Etiquetas, Sea el primero en etiquetar este registro!
|
MARC
| LEADER | 00000nam a2200000 a 4500 | ||
|---|---|---|---|
| 001 | UCY1168 | ||
| 003 | CL-VaPUC | ||
| 008 | 940823e19870000CR |||||||||||||||||spa|d | ||
| 082 | 0 | 4 | |a 341.481 |b ZOV |2 21 |
| 100 | 0 | |a Zovatto G., Daniel |e author |9 329070 | |
| 110 | 2 | |a Instituto Interamericano de Derechos Humanos |e author |9 329071 | |
| 245 | 1 | 4 | |a Los derechos humanos en el sistema interamericano: recopilación de instrumentos básicos |
| 300 | |a 357 p | ||
| 942 | |c BK | ||
| 945 | |d 19940823 00:00:00 |a aalvarez | ||
| 260 | |a San José |b Instituto Interamericano de Derechos Humanos |c 1987 | ||
| 650 | 0 | |a Instrumentos legales |9 329072 | |
| 650 | 7 | |a DERECHOS HUMANOS COOPERACION INTERNACIONAL |2 CL-VaPUC |9 329073 | |
| 651 | 0 | |a América Latina |9 255027 | |
| 583 | |a last modification |c 19940823 00:00:00 |k Rodrigo Vera | ||
| 999 | |c 229954 |d 229952 | ||
| 952 | |0 0 |1 0 |4 0 |6 341_481000000000000_ZOV_1987 |7 0 |8 A |9 231711 |a BIBDER |b BIBDER |d 2019-11-15 |i 3012433 |o 341.481 ZOV 1987 |p 3012433 |r 2023-01-25 |w 2019-11-15 |y BK |k DER | ||